000 00370nam a2200157Ia 4500
008 100204s9999 xx 000 0 und d
082 _b21741
100 _aBLYTON ENID
245 _aFIVE GO TO SMUGGLER'S TOP
250 _a0
260 _bII
_c1980
300 _a184
630 _aFIVE GO TO SMUGGLER'S TOP
730 _aFIVE GO TO SMUGGLER'S TOP
942 _cBOOK
999 _c466853
_d466850